A dual-step and dual-process model of advertising effects: implications for reducing the negative impact of advertising on children's' consumption behaviour (Record no. 107351)

000 -LEADER
fixed length control field 00598pab a2200193 454500
008 - FIXED-LENGTH DATA ELEMENTS--GENERAL INFORMATION
fixed length control field 180718b2014 xxu||||| |||| 00| 0 eng d
100 ## - MAIN ENTRY--PERSONAL NAME
Personal name Buttner, Oliver B.
245 ## - TITLE STATEMENT
Title A dual-step and dual-process model of advertising effects: implications for reducing the negative impact of advertising on children's' consumption behaviour
260 ## - PUBLICATION, DISTRIBUTION, ETC.
Date of publication, distribution, etc. 2014
300 ## - PHYSICAL DESCRIPTION
Extent p.161-182.
362 ## - DATES OF PUBLICATION AND/OR SEQUENTIAL DESIGNATION
Dates of publication and/or sequential designation Jun
650 ## - SUBJECT ADDED ENTRY--TOPICAL TERM
Topical term or geographic name entry element Children
650 ## - SUBJECT ADDED ENTRY--TOPICAL TERM
Topical term or geographic name entry element Advertising
650 ## - SUBJECT ADDED ENTRY--TOPICAL TERM
Topical term or geographic name entry element Consumption
700 ## - ADDED ENTRY--PERSONAL NAME
Personal name Serfas, Benjamin G.
700 ## - ADDED ENTRY--PERSONAL NAME
Personal name Florack, Arnd
773 ## - HOST ITEM ENTRY
Main entry heading Journal of Consumer Policy
909 ## -
-- 107356
Holdings
Withdrawn status Lost status Damaged status Not for loan Permanent Location Current Location Date acquired Serial Enumeration / chronology Barcode Date last seen Price effective from Koha item type
        Indian Institute of Public Administration Indian Institute of Public Administration 2018-07-19 Volume no: 37, Issue no: 2 AR107816 2018-07-19 2018-07-19 Articles

Powered by Koha